| 000 | 00433cam a2200193 4500 | ||
|---|---|---|---|
| 001 | D13602 | ||
| 008 | 090401t1958 xxu||||| |||| 00| 0 eng d | ||
| 035 | _a(Sirsi) u10703 | ||
| 041 | _aeng | ||
| 100 | _aPenoyre, J. | ||
| 245 | _aObservers book of Architecture | ||
| 250 | _arev | ||
| 260 |
_bFred K Warne and Co Ltd _c1958 |
||
| 350 | _a0 | ||
| 520 | _aShelf 133 | ||
| 700 | _aRyan, M. | ||
| 942 | _n0 | ||
| 948 | _c04/03/1997 | ||
| 999 |
_c86768 _d86768 |
||